000 00412nam a2200145Ia 4500
999 _c14245
_d14245
003 OSt
005 20260407182845.0
008 260210s9999 xx 000 0 und d
020 _a9780760392072
100 _aWALTER FOSTER
245 0 _aBig School of Drawing: Well-Explained, Practice-Oriented Drawing Instructions for the Beginning Artist
260 _bWALTER FOSTER 2025
260 _c2025
942 _cUG
_2ddc